• 首页
  • 本馆介绍
  • 公告通知
  • 最新文献
  • 馆藏检索
  • 电子资源
  • 读者导购
  • 参考咨询
  • 我的图书馆
  • 登录
  • 详细信息显示
  • 放入我的书架
  • 预约/预借图书
  • 作者相关作品
  • 分类相关作品
  • 丛书相关作品
  • 出版社相关作品

书目信息

  • 表格格式
  • 工作单格式
  • 卡片格式
题名:
电动汽车充电桩的设计与运营
    
 
作者: 程杰 , 马志峰 主编 ;国网河南省电力公司 编著
分册:  
出版信息: 北京   中国原子能出版社  2020.6
页数: 188页
开本: 24cm
丛书名:
单 册:
中图分类: U469.72
科图分类:
主题词: 电动汽车--充电电源--设计 , 电动汽车--充电电源--运营管理
电子资源:
ISBN: 978-7-5221-0621-2
000 01283nam0 2200277 45
001 012001000272
005 20140911083011.0
010    @a978-7-5221-0621-2@dCNY45.00
100    @a20201130d2020 em y0chiy50 ea
101 0  @achi
102    @aCN@b110000
105    @aa z 000yy
106    @ar
200 1  @a电动汽车充电桩的设计与运营@f国网河南省电力公司新乡供电公司编著@g国网河南省电力公司编著@Adian dong qi che chong dian zhuang de she ji yu yun ying
210    @a北京@c中国原子能出版社@d2020.6
215    @a188页@c图@d24cm
314    @a主编取自编写组名单
330    @a本书共分为六章。第一章主要阐述了电动汽车的发展,包括国内外电动汽车的发展历程现状及前景等内容;第二章则对电动汽车充电技术进行了概述,并对充电桩的工作原理及其连接方式等相关内容展开了论述;第三章和第四章对充电桩设计的交流方式与直流方式进行了深度剖析;第五章的中心内容为充电桩的运营模式分析及其运营效益分析等内容;第六章阐述了充电桩的使用前景及其未来发展趋势等。
606 0  @a电动汽车@x充电电源@x设计
606 0  @a电动汽车@x充电电源@x运营管理
690    @aU469.72@v5
701  0 @a程杰@Acheng jie@4主编
701  0 @a马志峰@Ama zhi feng@4主编
712 02 @a国网河南省电力公司@Aguo wang he nan sheng dian li gong si@b新乡供电公司@4编著
801  0 @aCN@bBJSDL@c20211011
905    @b1331062-5@dU469.72@e1009@f4
    
    电动汽车充电桩的设计与运营/国网河南省电力公司新乡供电公司编著/国网河南省电力公司编著.-北京:中国原子能出版社,2020.6
    188页:图;24cm
    
    
    ISBN 978-7-5221-0621-2:CNY45.00
    本书共分为六章。第一章主要阐述了电动汽车的发展,包括国内外电动汽车的发展历程现状及前景等内容;第二章则对电动汽车充电技术进行了概述,并对充电桩的工作原理及其连接方式等相关内容展开了论述;第三章和第四章对充电桩设计的交流方式与直流方式进行了深度剖析;第五章的中心内容为充电桩的运营模式分析及其运营效益分析等内容;第六章阐述了充电桩的使用前景及其未来发展趋势等。
●
相关链接 在E读中查询图书 在五车中查询图书 在当当中查询图书 在豆瓣中查询图书


正题名:电动汽车充电桩的设计与运营     索取号:U469.72/1009         预约/预借

序号 登录号 条形码 馆藏地/架位号 状态 备注
1 1331062   213310629   第二样本阅览室/ [索取号:U469.72/1009] 在馆    
2 1331063   213310638   第三借阅区/ [索取号:U469.72/1009] 在馆    
3 1331064   213310647   第三借阅区/ [索取号:U469.72/1009] 在馆    
4 1331065   213310656   第三借阅区/ [索取号:U469.72/1009] 在馆    
唐山师范学院图书馆 欢迎您!
大连网信软件有限公司© 版权所有